| 000 | 01574nam a2200325 a 4500 | ||
|---|---|---|---|
| 001 | BRCA_3164 | ||
| 005 | 20190320204137.0 | ||
| 008 | 120209s1903----fr-a---###---#000-0dfre-u | ||
| 041 | _afre | ||
| 044 | _afr | ||
| 084 |
_a467 _b.G376 _c1903 |
||
| 100 | 1 |
_aCervantes Saavedra, Miguel de _d1547-1616 _9213 |
|
| 245 | 1 | 0 |
_aL´Ingénieux Hidalgo Don Quichotte de la Manche _cpar Miguel de Cervantes Saavedra. |
| 260 |
_aParís _bGarnier hermanos _c1903 |
||
| 300 |
_axii, 496 p. _bil. _c19 cm. |
||
| 500 | _aContenido : Primera parte. Retrato de Cervantes. Noticia biográfica sobre Cervantes. Prólogo del autor. Texto. Segunda parte. Prólogo del autor. Texto | ||
| 500 | _aEdición : Traduit par Florian. Nouvelle edition illustrée de vignettes sur bois d´apres les dessins de G. Staal, gravées par Pannemacker, Monard, Midderich, etc | ||
| 500 | _aReproducción de anteriores ediciones de los mismos editores con los dibujos de G. Staal. Semipiel; lomo decorado con dorados Lúdovik Osterc | ||
| 500 | _aEstado físico : La cubierta de esta edición se encuentra ligeramente desprendida | ||
| 500 | _aQM385B | ||
| 546 | _aTexto en : francés | ||
| 650 | 1 | 4 |
_aNovela española _yÉpoca clásica, 1500-1700 _9215 |
| 650 | 1 | 4 |
_aLiteratura española _yÉpoca clásica, 1500-1700 _9216 |
| 650 | 1 | 4 |
_aNovela española _ySiglo XVII _9217 |
| 650 | 1 | 4 |
_aDon Quijote (Personaje ficticio) _eNovela _9218 |
| 700 | 1 |
_aFlorian, Jean-Pierre Claris de _d1755-1794 _eTraductor _98480 |
|
| 740 | 0 | _aEl Ingenioso Hidalgo Don Quijote de la Mancha | |
| 902 | _aQFM | ||
| 942 |
_2lcc _cB |
||
| 999 |
_c2900 _d2900 |
||